000 01997 a2200253 4500
001 45837
005 20260407155730.0
008 260407a1997 arg spa d
003 AR-UNSa-BCEJYS
040 _aAR-UNSa-BCEJYS
_bspa
_cAR-UNSa-BCEJYS
080 _a338.45:676
_xIndustria del papel y carton (sector económico)
245 1 0 _aReestructuración industrial y apertura económica
_pla industria de celulosa y papel de Argentina, Brasil y Chile en los años 90
020 _a950-40-0151-3
264 1 _aBuenos Aires :
_bAlianza
_c1997
300 _a383 p.
_c20 cm.
505 _aPrimera Parte : La industria celulosa y papel a nivel internacional : principales características y tendencias recientes : 1. Desarrollo y estructura de la industria mundial de celulosa y papel / Mauricio MendonÇa – 2. El desarrollo y las perspectivas de la industria sueca de pulpa y papel / Börje Svensson - - Segunda Parte : La producción y de celulosa y papel en Argentina, Brasil y Chile después de la industrialización sustitutiva : 3. Desarrollo y crisis de la producción de celulosa en Argentina / Néstor Bercovich y Martina Chidiak – 4. Desarrollo y competitividad de la industria de la celulosa y papel en Brasil / Mauricio MendonÇa – 5. Evolución, reestructuración y éxito exportador de la industria chilena de celulosa y papel,/ Giovanni Stumpo - - Tercera Parte : 6. Un análisis comparativo del desarrollo de la industria de celulosa y papel en Argentina, Brasil y chile / Néstor Bercovich y Mauricio MendonÇa - - Cuarta Parte : Balance y perspectivas de la industria de celulosa y papel en el Cono Sur de América latina en los años noventa. Algunas conclusiones / Néstor Bercovich.
041 _aspa
942 _cBK
590 _aniveau_biblio:m niveau_hierar:0
100 1 _aKatz, Jorge M.
700 1 _aBercovich, Néstor
700 1 _aChidiak, Martina
856 4 1 _uhttps://www.biblioeco.unsa.edu.ar/pmb/images/libros/L85553.jpg
_yImagen de portada
_qimage/jpeg
999 _c4019
_d4019